| 000 | 00466nam a2200169 a 4500 | ||
|---|---|---|---|
| 005 | 20140414131925.0 | ||
| 008 | 101027s19uu xx 00 eng d | ||
| 050 |
_aER _bW56 1997 |
||
| 100 | _aWalters, Catherine | ||
| 245 | _aWhen will it be spring?. | ||
| 260 |
_aNew York : _bDutton Children's Books, _c1997. |
||
| 650 |
_aSpring _xFiction |
||
| 650 |
_aBears _xFiction |
||
| 650 |
_aMothers and sons _xFiction |
||
| 650 |
_aPatience _xFiction |
||
| 999 |
_c111950 _d111950 |
||